Central Library OPAC University of Rajshahi

The appeals of communism / (Record no. 3563)

MARC details
000 -LEADER
fixed length control field 00857cam a22002531 4500
001 - CONTROL NUMBER
control field 3563
003 - CONTROL NUMBER IDENTIFIER
rucl marc code BD-RjUL
005 - DATE AND TIME OF LATEST TRANSACTION
control field 20211208233743.0
008 - FIXED-LENGTH DATA ELEMENTS--GENERAL INFORMATION
fixed length control field 131219s1954 njua b 001 0 eng
035 ## - SYSTEM CONTROL NUMBER
System control number (BD-RjUL)3597
040 ## - CATALOGING SOURCE
Original cataloging agency DLC
Transcribing agency DLC
Modifying agency DLC
-- BD-RjUL
Language of cataloging eng
041 ## - LANGUAGE CODE
Language code of text/sound track or separate title eng
082 00 - DEWEY DECIMAL CLASSIFICATION NUMBER
Classification number 335.4
Author mark and year ALA 1954
100 1# - MAIN ENTRY--PERSONAL NAME
Personal name Almond, Gabriel A.
Fuller form of name (Gabriel Abraham),
Dates associated with a name 1911-2002.
9 (RLIN) 11258
245 14 - TITLE STATEMENT
Title The appeals of communism /
Statement of responsibility, etc. by Gabriel A. Almond. Principal collaborators: Herbert E. Krugman, Elsbeth Lewin [and] Howard Wriggins.
260 ## - PUBLICATION, DISTRIBUTION, ETC. (IMPRINT)
Place of publication, distribution, etc. Princeton :
Name of publisher, distributor, etc. Princeton University Press,
Date of publication, distribution, etc. c1954.
300 ## - PHYSICAL DESCRIPTION
Pagination xix, 415 p. :
Illustrations tables. ;
Size 23 cm.
504 ## - BIBLIOGRAPHY, ETC. NOTE
Bibliography, etc Includes Index & Bibliographical footnotes.
650 #0 - SUBJECT ADDED ENTRY--TOPICAL TERM
Topical term or geographic name as entry element Communism
General subdivision History.
9 (RLIN) 11259
Topical term or geographic name as entry element Communist parties.
9 (RLIN) 10017
942 ## - ADDED ENTRY ELEMENTS (KOHA)
Source of classification or shelving scheme Dewey Decimal Classification
Koha item type Books
Holdings
Lost status Source of classification or shelving scheme Damaged status Not for loan Collection code Permanent Location Current Location Shelving location Date acquired Source of acquisition Cost, normal purchase price Total Checkouts Full call number Date last seen Copy number Koha item type
  Dewey Decimal Classification   Not For Loan Non-fiction Central Library, University of Rajshahi Central Library, University of Rajshahi Reading Room 15/02/1958 USIS Dhaka 0.00   335.4 ALA 1954 19/12/2013 C-1 Books